Идеальный фоторобот; Химия и жизнь - XXI век; № 1

Библиографические подробности
Источник:Химия и жизнь - XXI век: научно-популярный журнал/ Роспром ; Институт новых технологий (ИНТ).— , 1996-
№ 1.— 2002.— С. 71
Главный автор: Сутоцкая Е.
Язык:русский
Опубликовано: 2002
Серии:Короткие заметки
Предметы:
Формат: MixedMaterials Статья
Запись в KOHA:https://koha.lib.tpu.ru/cgi-bin/koha/opac-detail.pl?biblionumber=381874

MARC

LEADER 00000naa2a2200000 4500
001 381874
005 20231101062902.0
035 |a (RuTPU)RU\TPU\prd\5033 
090 |a 381874 
100 |a 20020621a2002 k y0rusy50 ca 
101 0 |a rus 
102 |a RU 
200 1 |a Идеальный фоторобот  |f Е. Сутоцкая 
225 1 |a Короткие заметки 
461 1 |0 (RuTPU)RU\TPU\prd\1643  |t Химия и жизнь - XXI век  |o научно-популярный журнал  |f Роспром ; Институт новых технологий (ИНТ)  |d 1996- 
463 1 |0 (RuTPU)RU\TPU\prd\2064  |t № 1  |v С. 71  |d 2002 
610 1 |a фотороботы 
610 1 |a компьютерные программы 
700 1 |a Сутоцкая  |b Е. 
801 1 |a RU  |b 63413507  |c 20020621  |g PSBO 
801 2 |a RU  |b 63413507  |c 20120903  |g PSBO 
942 |c BK